| 000 | 01266cam a2200361 i 4500 | ||
|---|---|---|---|
| 003 | DO-SdBNP | ||
| 005 | 20240301180540.0 | ||
| 007 | ta | ||
| 008 | 751003s2013 sp 000 0 spa d | ||
| 020 | _a9788420675565 | ||
| 040 |
_aDO-SdBNP _bspa _cBNPHU _erda |
||
| 082 |
_bM392e _222 |
||
| 100 | 1 |
_aMarx, Karl, _d1818-1883 _930439 |
|
| 240 | 1 | 0 |
_aÖkonomisch philosophische manuskripte (1844) / _lEspañol |
| 245 | 1 | 0 |
_aManuscritos de economía y filosofía / _cKarl Marx, ; traducción, introducción y notas Francisco Rubio Llorente |
| 250 | _a3a. edición | ||
| 264 | 1 |
_aMadrid, España : _bAlianza editorial, _c2013. |
|
| 264 | 3 | _c2016. 1ra. reimpresión | |
| 300 |
_a305 páginas _c18 cm. |
||
| 336 |
_2rdacontent _atexto _btxt |
||
| 337 |
_2rdamedia _asin mediación _bn |
||
| 338 |
_2rdacarrier _avolumen _bnc |
||
| 490 | 1 | _aCiencias sociales | |
| 500 | _aLa biblioteca posee la primera reimpresión del 2016. | ||
| 500 | _aIncluye cuadro cronológico. | ||
| 500 | _aIncluye notas a pie de páginas. | ||
| 500 | _aLibro de bolsillo. | ||
| 504 | _aBibliografía p: 264-269 | ||
| 590 | _aInventariado, 2023/ YL | ||
| 700 | 1 |
_aRubio Llorente, Francisco _etraducción, introducción y notas _984411 |
|
| 910 | _aYlockward | ||
| 942 |
_2ddc _cLBS1 |
||
| 999 |
_c55111 _d55111 |
||